Word Ladder: All About Richard Dreyfuss Quiz Stats

 Plays Quiz Updated Aug 4, 2014

Support Sporcle.
Go Orange.
Score 0/51 Timer 05:00
0 Plays Today
Clue 4-Letter Word % Correct
When the sun comes upDAWN
96.4%
1986: ___ and Out in Beverly HillsDOWN
96.2%
Enjoy a bookREAD
96.1%
Elegant dressGOWN
95.8%
Grassy yardLAWN
94.9%
Distance between two pointsLINE
94.1%
1991: ___ About Bob?WHAT
93.5%
1977: Close Encounters of the Third ___KIND
92.8%
Three, in SpanishTRES
91.6%
Tie togetherBIND
91.6%
Informal conversationCHAT
91.3%
British elevatorLIFT
90.9%
Fork prongTINE
90.5%
PriceCOST
90.2%
Paint layerCOAT
89.4%
A bend in a wire or hairKINK
88.6%
Metal containersTINS
87.8%
'Wake me Up Before You Go-Go' and 'Careless Whisper' bandWHAM
87.6%
An overly rough hockey playerGOON
87%
1990: Rosencrantz and Guildenstern Are ___DEAD
86.9%
Mournful cryMOAN
85.8%
Boston Celtics star LarryBIRD
85.8%
Decorative pillow coveringSHAM
85.2%
1988: ___ Over ParadorMOON
84.9%
'Legend of Zelda' heroLINK
84.8%
1981: Whose ___ Is It Anyway?LIFE
84.2%
Clue 4-Letter Word % Correct
Stockwell or Martin, e.g.DEAN
83.6%
Unrefined mineralsORES
83.5%
Brendan Fraser movie 'School ____'TIES
83.1%
1993: ___ in YonkersLOST
82.8%
Bills after approvalLAWS
82.4%
1995: Mr. Holland's ___OPUS
82.2%
SinglesONES
82%
There are six of these per inningOUTS
82%
Thailand, onceSIAM
81.9%
Foxx of 'Sanford and Son'REDD
81.3%
Lean to one sideLIST
80.5%
Measure of central tendencyMEAN
80%
Key in the digits for a phone callDIAL
78.4%
ChoosesOPTS
78.3%
BurdenONUS
74.4%
1981 movie directed by Warren BeattyREDS
74.2%
Does away withRIDS
74.2%
1989: Let It ____RIDE
73.7%
WidespreadRIFE
72.7%
1977: The Goodbye ___GIRL
71%
Upper layer of Earth's crustSIAL
66.7%
EncircleGIRD
65.5%
1975: ___JAWS
65.1%
Quiver or tremble, to a ScotDIRL
57.4%
1987: ___NUTS
26.5%

Today's Daily Dose

You're not logged in!

Compare scores with friends on all Sporcle quizzes.
OR
Log In

From the Vault

Right or Wrong Artist?

by Joshie_the_great

Can Beyoncé ever really be wrong?
Remove Ads.
Support Sporcle.
Get the best of Sporcle when you Go Orange. This ad-free experience offers more features, more stats, and more fun while also helping to support Sporcle. Thank you for becoming a member.

Show Comments

Extras

Top Quizzes Today


Score Distribution

Your Account Isn't Verified!

In order to create a playlist on Sporcle, you need to verify the email address you used during registration. Go to your Sporcle Settings to finish the process.

Report this User

Report this user for behavior that violates our Community Guidelines.

Details: